000 00484nam a22001817a 4500
003 CEME
005 20210628203253.0
008 210204b xxu||||| |||| 00| 0 eng d
020 _a9789699089398
040 _c.
082 _a032.02 SHA
100 _aShahid, M.Imtiaz , Attyia Bano
_964423
245 _aGeneral knowledge advanced , (mcqs)
260 _aLAHORE
_bADVANCED PUBLISHERS
_c2009
300 _aIX, 539P
650 _aGENERAL KNOWLEDGE -MCQS.
_964424
942 _cBK
_2ddc
999 _c572916
_d572916